Chemistry : (Record no. 4084)

MARC details
000 -LEADER
fixed length control field 00737cam a22002412 4500
001 - CONTROL NUMBER
control field 0000020216
005 - DATE AND TIME OF LATEST TRANSACTION
control field 20151217145923.0
008 - FIXED-LENGTH DATA ELEMENTS--GENERAL INFORMATION
fixed length control field 110901s xx 000 0 eng d
020 ## - INTERNATIONAL STANDARD BOOK NUMBER
International Standard Book Number 0471184764 :
040 ## - CATALOGING SOURCE
Original cataloging agency KABU
Transcribing agency KABU
050 #0 - LIBRARY OF CONGRESS CALL NUMBER
Classification number QD31.2
Item number .B73 2000
100 1# - MAIN ENTRY--PERSONAL NAME
Personal name Brady, James E.
-- 0000154056
245 10 - TITLE STATEMENT
Title Chemistry :
Remainder of title matter and its changes /
Statement of responsibility, etc. James E. Brady, Joel W. Russell, John R. Holum.
250 ## - EDITION STATEMENT
Edition statement 3rd ed.
260 ## - PUBLICATION, DISTRIBUTION, ETC. (IMPRINT)
Place of publication, distribution, etc. Hoboken, NJ :
Name of publisher, distributor, etc. J. Wiley,
Date of publication, distribution, etc. 2000.
300 ## - PHYSICAL DESCRIPTION
Extent xxiii, 1085 p.
650 #0 - SUBJECT ADDED ENTRY--TOPICAL TERM
Topical term or geographic name as entry element Chemistry.
-- 0000148202
700 1# - ADDED ENTRY--PERSONAL NAME
Personal name Russell, Joel W.
-- 0000180281
700 1# - ADDED ENTRY--PERSONAL NAME
Personal name Holum, John R.
-- 0000154058
852 1# - LOCATION
-- p2300 KES
908 ## - PUT COMMAND PARAMETER (RLIN)
Put command parameter 110901
950 ## - LOCAL HOLDINGS (RLIN)
-- 1
Holdings
Withdrawn status Lost status Source of classification or shelving scheme Not for loan Home library Current library Date acquired Total Checkouts Full call number Barcode Date last seen Date last checked out Price effective from Koha item type
    Library of Congress Classification   Kabarak, Main Campus Kabarak, Main Campus 17/12/2015 5 QD31.2 .B73 2000 c. 1 21618 17/12/2019 02/12/2019 17/12/2015 General Collection
Designed with assistance from East African Informatics Ltd